00531 2200181 4500001002100000008004100021035002000062245010500082100004300187250000600230260004200236300001100278084001400289082000800303650001400311990001200325990001200337INLIS000000000000631 ind  a0010-0424000607 aKumpulan Soal dan Pembahasan Olimpiade Sains Ekonomi Jilid 3cLembaga Olimpiade Pendidikan Indonesia aLembaga Olimpiade Pendidikan Indonesia a1 aJakarta :bBina Prestasi Insanic2014 a92 hlm a330 LEM k a330 aNon Fiksi a0722450 a0722451